000 00744nam a2200265Ia 4500
003 OSt
005 20220928120955.0
006 a|||||r|||| 00| 0
007 ta
008 220927b |||||||| |||| 00| 0 eng d
024 _a145252
037 _cTextual
040 _aSDCL
_cSDCL
_beng
041 _2eng
_aeng
082 _aB25,1, P3 ILLL
100 _aFriedberg Stephen H
_9451430
245 0 _aLinear algebra.
250 _a4
260 _aNew Delhi
_bPHI Learning
_c2003
300 _axii,601p.
_ccm.
700 _a Insel Arnold J
_9451431
700 _a Spence Lawrence E
_9451432
942 _hB25,1, P3 ILLL
_cTEXL
_2CC
999 _c765489
_d765489